Obálka Náhled e-knihy:
PDF Epub
Pro půjčování e-knih musíte být přihlášeni.
Jak si půjčit online?

Netvor /

Všechno jsem vzal do vlastních rukou. Nepotřeboval jsem poslouchat, co a jak mám dělat. Rodina pro mě znamenala prioritu, ale dostal jsem se do situace, kdy jsem ji začal nesnášet. Hodili na mě vedení Palerma. Čekali ode mě dědice a svatbu, kterou jsem dopředu odsoudil k zániku. Pak se ale u oltáře...

Celý popis

Uloženo v:
Série:Podsvětí, část 5
Hlavní autor: Jell, Marcy (Autor)
Médium: E-kniha
Jazyk:Czech
Vydáno: Praha : Nakladatelství Solis s.r.o., 2025
Příbuzné jednotky:Z cyklu:: Podsvětí
Tagy:
Žádné tagy
LEADER 01675nam a22002417i 4500
001 312827
007 ta
008 260601s2025 xr ||||| |||| 00| 0 cze d
020 |a 9990004226531 
044 |a xr 
100 1 |a  Jell, Marcy  |4 aut 
245 1 0 |a Netvor /  |c  Jell, Marcy 
264 1 |a Praha :  |b Nakladatelství Solis s.r.o.,  |c 2025 
300 |a 1 online zdroj (221 stran) 
336 |a text  |b txt  |2 rdacontent 
337 |a bez média  |b n  |2 rdamedia 
338 |a online zdroj  |b cr  |2 rdacarrier 
520 2 |a Všechno jsem vzal do vlastních rukou. Nepotřeboval jsem poslouchat, co a jak mám dělat. Rodina pro mě znamenala prioritu, ale dostal jsem se do situace, kdy jsem ji začal nesnášet. Hodili na mě vedení Palerma. Čekali ode mě dědice a svatbu, kterou jsem dopředu odsoudil k zániku. Pak se ale u oltáře objevila ONA. Věděla, co chce a uměla si to vzít. Skrývala tajemství, přesto přede mnou stála a dívala se mi tvrdě do očí. Její povaha se rovnala té mojí a slovo NE nebrala jako překážku. Nezajímalo ji, že jsem z ní šílel.  Rozehráli jsme spolu špinavou hru a já se modlil, aby naše manželství neskončilo válkou. 
787 0 8 |g 5  |i Z cyklu:  |t Podsvětí 
910 |a RBIT002 
998 |d 422653  |a https://core.palmknihy.cz/api/books/422653/cover?t36xj1  |b https://core.palmknihy.cz/api/books/422653/cover/400?t36xj1  |c https://core.palmknihy.cz/api/books/422653/cover/50?t36xj1  |e 2031-12-31  |g 221  |i 9990004226531  |j https://core.palmknihy.cz/api/books/422653/preview.epub  |k https://core.palmknihy.cz/api/books/422653/preview.pdf  |l   |q 49  |r 1  |s https://www.palmknihy.cz/kniha/422653  |t ebook  |y 2025  |z 1  |v Podsvětí  |w 5 
999 |d 312825